| 000 | 00419nam a22001457a 4500 | ||
|---|---|---|---|
| 020 | _qPB. | ||
| 040 | _cFizza Ishaq | ||
| 082 |
_a060.42 _bELL |
||
| 100 |
_aLichtenstein, Ellen. _9133807 |
||
| 245 |
_a21st Century Robert's Rules of Order (21st Century Reference) / _cEllen Lichtenstein. |
||
| 250 | _a1st Ed. | ||
| 260 |
_aNew York; _bDell, _c1995. |
||
| 300 |
_a210 p, ; _c4.21 x 0.58 x 6.87 inches |
||
| 942 |
_2ddc _cBK |
||
| 999 |
_c616775 _d616775 |
||